000 00743nam a2200217 i 4500
001 67307
003 ES-MaACL
005 20230906170034.0
007 t|
008 040518s2003 sp ||||0| spa d
020 _a84-95163-79-9
040 _aM-BN
_bspa
_cM-BN
080 _a74:004.925(063)
111 2 _aSimposio Arte Gráfico y Nuevas Tecnologías (
_d2002.
_cMadrid)
_91064
245 1 0 _aArte gráfico y nuevas tecnologías
_b: actas del simposio : Fundación BBVA, Madrid, del 5 al 7 de noviembre, 2002.
260 _aBilbao :
_bFundación BBVA,
_c[2003]
300 _a271 p. :
_bil. ;
_c22 cm.
650 1 4 _aGráficos de ordenador-
_vCongresos y asambleas.
_913151
852 _aES-MaACL
_jL-27507
_bR.133289
999 _c67307
_d67307